| 000 | 00782cab a2200217 4500 | ||
|---|---|---|---|
| 001 | ABS43189 | ||
| 008 | 090401t1990 xxu||||| |||| 00| 0 eng d | ||
| 035 | _a(Sirsi) u40708 | ||
| 041 | _aeng | ||
| 100 | _aPlimmer, F. | ||
| 245 | 4 | _aThe technicians` directive - a preview | |
| 260 | _c1990 | ||
| 350 | _a0 | ||
| 490 |
_aSurveying Technician _v18(6) August/September 1990, 27-29(3) |
||
| 520 | _aA resume of research being carried out at the polytechnic of Wales on EC directives relating to the mutual recognition of professional diplomas gained after two and three years` study, as they affect surveying technicians in particular. | ||
| 650 | _aCAREERS, EDUCATION AND TRAINING | ||
| 650 | _aRICS | ||
| 690 | _aEUROPE-SINGLE MARKET | ||
| 942 | _n0 | ||
| 948 | _c04/03/1997 | ||
| 999 |
_c26088 _d26088 |
||